[Event "Cheliabinsk-ch"]
[Site "Cheliabinsk"]
[Date "2011.03.04"]
[Round "7"]
[White "Kuznetsov, Igor"]
[Black "Sofin, Pavel"]
[Result "1/2-1/2"]
[WhiteElo "2234"]
[BlackElo "2009"]
[PlyCount "50"]
[EventDate "2011.02.26"]
[EventType "swiss"]
[EventRounds "9"]
[EventCountry "RUS"]
[SourceTitle "CBM 141 Extra"]
[Source "ChessBase"]
[SourceDate "2011.05.03"]
[SourceVersion "1"]
[SourceVersionDate "2011.05.03"]
[SourceQuality "1"]

1. e4 e6 2. d4 d5 3. e5 c5 4. c3 Qb6 5. Nf3 Nc6 6. a3 cxd4 7. cxd4 Bd7 8. Nc3 Rc8 9. Be2 Nge7 10. Na4 Qc7 11. 0-0 Nf5 12. Be3 Na5 13. Rc1 Nxe3 14. Rxc7 Nxd1 15. Rxc8+ Bxc8 16. Rxd1 Bd7 17. Nc3 a6 18. b4 Nc6 19. b5 axb5 20. Nxb5 f6 21. Rb1 Kd8 22. g4 Be7 23. h4 Rf8 24. Kg2 fxe5 25. dxe5 Bc5 1/2-1/2

[Event "Cheliabinsk-ch"]
[Site "Cheliabinsk"]
[Date "2011.03.01"]
[Round "4"]
[White "Sofin, Pavel"]
[Black "Kazantsev, Nikita"]
[Result "1-0"]
[WhiteElo "2009"]
[BlackElo "1750"]
[PlyCount "61"]
[EventDate "2011.02.26"]
[EventType "swiss"]
[EventRounds "9"]
[EventCountry "RUS"]
[SourceTitle "CBM 141 Extra"]
[Source "ChessBase"]
[SourceDate "2011.05.03"]
[SourceVersion "1"]
[SourceVersionDate "2011.05.03"]
[SourceQuality "1"]

1. e4 e5 2. Nf3 Nc6 3. d4 exd4 4. Nxd4 g6 5. Nxc6 bxc6 6. Bc4 Bg7 7. 0-0 Ne7 8. Re1 0-0 9. c3 d5 10. Bd3 h6 11. Bf4 Rb8 12. Qc2 f5 13. exd5 Nxd5 14. Bd2 Qf6 15. Na3 Bd7 16. Nc4 Rfe8 17. f4 Nb6 18. Be3 Nxc4 19. Bxc4+ Kh7 20. Bxa7 Rxe1+ 21. Rxe1 Re8 22. Rxe8 Bxe8 23. Qe2 Bd7 24. Bc5 g5 25. Qe7 Qxe7 26. Bxe7 gxf4 27. a4 Bc8 28. a5 Bb7 29. a6 Ba8 30. Be6 Kg6 31. Bc8 1-0